=LDR 00000nam 2200000 4500 =001 INLIS000000000037252 =005 20140718102759.0 =006 =007 =008 Ind =035 ##$$a 0010-061300000037252 =041 ##$$a Ind =082 ##$$a 813 =090 ##$$a 813, Set a =100 ##$$a Setiawan, erik =245 ##$$a Of bees and mist =260 ##$$a 2011 $b Jakarta =300 ##$$a 571, hlm, 21 cm =650 ##$$a Fiksi indonesia =700 ##$$a .m,fransiska =850 ##$$a NBPNMAT =990 ##$$a 21195889/BPAP-NTB/2014 =990 ##$$a 0001/BPAP-NTB/20142014 =990 ##$$a 0001/BPAP-NTB/20142014